Implementácia manažmentu znalostí ako faktora zvýšenia konkurencieschopnosti slovenských inštitúcií vyššieho vzdelávania

Zameranie sa na identifikáciu hlavných prekážok implementácie manažmentu znalostí na slovenských vysokých školách, a taktiež či sú rôzne kategórie vysokých škôl – verejné, súkromné a štátne, ovplyvňované rovnakými prekážkami. Bariéry zavádzania manažmentu znalostí.

Enregistré dans:
Détails bibliographiques
Auteur principal: Hlavatý, Ivan, 1978-
Format: Chapitre de livre
Langue:slovaque
Sujets:
Tags: Ajouter un tag
Pas de tags, Soyez le premier à ajouter un tag!

MARC

LEADER 00000naa$a2200000$$$4500
001 0261225
005 20240502083749.3
041 0 |a slo 
044 |a CZ 
245 1 0 |a Implementácia manažmentu znalostí ako faktora zvýšenia konkurencieschopnosti slovenských inštitúcií vyššieho vzdelávania  |c Ivan Hlavatý 
520 |a Zameranie sa na identifikáciu hlavných prekážok implementácie manažmentu znalostí na slovenských vysokých školách, a taktiež či sú rôzne kategórie vysokých škôl – verejné, súkromné a štátne, ovplyvňované rovnakými prekážkami. Bariéry zavádzania manažmentu znalostí. 
610 2 0 |a manažment znalostný 
610 2 0 |a inštitúcie vzdelávacie 
610 2 0 |a konkurencieschopnosť 
610 2 0 |a vzdelávanie vysokoškolské 
610 2 0 |a školy vysoké 
100 1 |a Hlavatý, Ivan, 1978-